00556nam a2200193 a 4500001000400000003000900004008004100013040002800054082001700082100002400099245004000123260004400163300001400207490001600221500007000237650002600307942001200333999001700345389CO-ViMGA141112s2004 ck r 000 u spa d aCO-ViMGAbspacCO-ViMGA04aG 863.6 M65o1 aMonterroso, Augusto10aObras completas : by otros cuentos aSantafé de Bogotá : bNorma, c1994 a120, 81 p aCara y cruz aEncuadernado con A propósito de Augusto Monterroso y su obra. 14aCUENTOS GUATEMALTECOS 2ddccBK c12631d12631